Personajes de Prision Break - Estadísticas

Estadísticas generales
  • Esta prueba ha sido intentada 11 veces
  • La puntuación promedio es 8 de 23
Estadísticas de respuestas
Temporada Personaje % Correcto
1,2,3,4,5 Michael Scofield
90%
1,2,3,4,5 Lincoln Burrows
70%
1,2,3,4,5 Sara Tancredi
70%
1,2,3,4,5 T-Bag
70%
1,2,3,4,5 Fernando Sucre
60%
1,2 John Abruzzi
50%
2,3,4 Alex Mahone
40%
1,2,3,4 Brad Bellick
40%
1,2 Henry Pope
40%
1,2,3,4 L.J. Burrows
40%
1,2,4,5 C-Note
30%
1,2,4,5 Paul Kellerman
30%
1,2 David "Tweener" Apolskis
20%
3,4 Gretchen Morgan
20%
3,4 James Whistler
20%
3 Lechero
20%
3,4 Sofia Lugo
20%
1,2,3 Charles "Haywire" Patoshik
10%
1 Charles Westmoreland
10%
4 Donald Self
10%
1 Nick Savrinn
10%
1,2 Veronica Donovan
10%
5 Jacob Ness
0%
No se encontraron pruebas coincidentes
Distribución de puntuación
Porcentaje de gente con cada puntuación
Porcentaje por número respondido
Historial de tus puntuaciones
No has intentado esta prueba.